Personal finance (Record no. 196699)

MARC details
000 -LEADER
fixed length control field 00379nam a2200157Ia 4500
008 - FIXED-LENGTH DATA ELEMENTS--GENERAL INFORMATION
fixed length control field 230917s9999||||xx |||||||||||||| ||und||
040 ## - CATALOGING SOURCE
-- 74455
Original cataloging agency VIVEKANANDA LIBRARY
041 ## - Language
-- English
082 ## - DDC NUMBER
Classification number 332.024 D715P
100 ## - MAIN ENTRY--PERSONAL NAME
Personal name Donaldson, Elvin F
245 #0 - TITLE STATEMENT
Title Personal finance
250 ## - EDITION STATEMENT
Edition statement 6th ed.
260 ## - PUBLICATION, DISTRIBUTION, ETC. (IMPRINT)
Place of publication, distribution, etc Santa Barbara
Name of publisher, distributor, etc John Wiley
Date of publication, distribution, etc 1977
300 ## - PHYSICAL DESCRIPTION
Pages xii, 720 p.
942 ## - ADDED ENTRY ELEMENTS (KOHA)
Koha item type Books
Holdings
Withdrawn status Lost status Damaged status Not for loan Location (home branch) Sublocation or collection (holding branch) Date acquired Koha issues (times borrowed) Koha full call number Accession No. Koha date last seen Koha item type
        VIVEKANANDA LIBRARY VIVEKANANDA LIBRARY 21/02/2003   332.024 D715P 54946 17/09/2023 Books
© Designed and Maintained by Vivekananda Library, MDU Rohtak